Statistiken für Bilder nach Buchstabe - H

Klicken Sie hier um das Quiz zu spielen!

Allgemein

  • Dieses Quiz wurde 5.732 mal gespielt
  • Das Durchschnittsergebnis liegt bei 9 aus 16

Antwortstatistiken

Antwort% Korrekt
Hammerhai
94%
Hyäne
93%
Hamburg
76%
Harley
75%
Hurrikan
72%
Henna
67%
Hawaii
66%
Hinduismus
59%
Hemisphäre
56%
Himalaya
53%
Hickelkasten
51%
Hijab
45%
Helix
36%
Harlekin
30%
Hamilton
13%
Hobo
9%

Verteilung der Resultate

Perzentil nach korrekt beantworteten Fragen

Anzahl Personen mit jedem Resultat

Ihre Resultats-Entwicklung

Sie haben dieses Quiz noch nicht gespielt